| 000 | 00807nam a2200229 a 4500 | ||
|---|---|---|---|
| 001 | 000025525 | ||
| 005 | 20200930023842.0 | ||
| 008 | 110217s1984 dr 001 0 spa d | ||
| 040 |
_aDO-SdBNP _bspa _cBNPHU |
||
| 082 |
_a972.94 _bB439n |
||
| 100 | 1 |
_aBellegarde, Dantes _946526 |
|
| 245 | 1 | 3 |
_aLa nación haitiana / _cDantes Bellegarde. |
| 260 |
_aSanto Domingo : _bSociedad Dominicana de Bibliófilos, _c1984. _fCorripio |
||
| 300 |
_a429 p. ; _c25 cm. |
||
| 504 | _aIncluye bibliografía y notas al pie de páginas. | ||
| 504 | _aBibliografía: p. 411-420. | ||
| 650 | 4 |
_aEstado _xEnsayos, conferencias , etc. _944637 |
|
| 651 | 4 |
_aHaití _xHistoria _98418 |
|
| 651 | 4 |
_aHaití _xPolítica Y Gobierno _912667 |
|
| 651 | 4 |
_aHaití _xCondiciones Sociales _912666 |
|
| 910 | _aValidado. Control de calidad EMS | ||
| 999 |
_c25017 _d25017 |
||